000
00285nam a22000977a 4500
999
_c
10444
_d
10444
008
180217b ||||| |||| 00| 0 eng d
020
_a
9788176084970
100
_a
Arona.V.
_9
6379
245
_a
Super Simplified Foundation of Information Technology-IX
260
_a
Jalandhar
_b
S.P. jain
_c
2012